Revista Universitaria : (Record no. 21688)

000 -CABECERA
fixed length control field 02116nam a22002657a 4500
003 - IDENTIFICADOR DEL NÚMERO DE CONTROL
control field AR-CdUCM
008 - DATOS DE LONGITUD FIJA--INFORMACIÓN GENERAL
fixed length control field 190425b ||||| |||| 00| 0 spa d
040 ## - FUENTE DE LA CATALOGACIÓN
Agencia/entidad que catalogó originalmente la obra MUNICIPALIDAD PROVINCIAL DEL CUSCO
Entidad que transcribió la catalogación BIBLIOTECA MUNICIPAL DEL CUSCO
082 ## - NÚMERO DE LA CLASIFICACIÓN DECIMAL DEWEY
No. de Clasificación Rev.Univ/N°10/1914
Notacion interna Rev.Univ/N°10/1914
110 ## - ENTRADA PRINCIPAL--NOMBRE DE ENTIDAD CORPORATIVA
Nombre de la institución, jurisdicción como entrada principal Universidad Nacional de San Antonio Abad del Cusco
9 (RLIN) 15942
245 ## - MENCIÓN DE TÍTULO
Título Revista Universitaria :
Resto del título Órgano de la Universidad del Cuzco /
260 ## - PUBLICACIÓN, DISTRIBUCIÓN, ETC.
Lugar de publicación, distribución, etc. Cusco :
Nombre de la editorial, distribuidor, etc. El Trabajo,
Fecha de publicación, distribución, etc. agosto 1914.
300 ## - DESCRIPCIÓN FÍSICA
Nº de Páginas Extensión 48 páginas. :
Dimensiones 20 cm.
440 ## - MENCIÓN DE SERIE/PUNTO DE ACCESO ADICIONAL--TÍTULO
Título Revista Universitaria
Número de la parte/sección de una obra Año III, agosto 1914, N°10
9 (RLIN) 45786
505 ## - NOTA DE CONTENIDO CON FORMATO
Nota de contenido formateada Contenido: Razón de las piezas justificativas que acreditan la verdad de la memoria -- Recurso de los ciudadanos del Cuzco al gobernador político. -- Acta de la Junta Municipal de la Merced de 7 de febrero de 1813. -- Recurso del Brigadier Pumaccahua al Excelentísimo señor Virrey. -- Delación de don Mariano Zuvizarreta. -- Delación de don Mariano Arriaga. -- Delación de don José Taboada. -- Oficio del Cabildo del Cuzco al Gobierno de 6 de noviembre de 1813. -- Contestación del Gobierno al Cabildo. -- Certificación del escribano Ledesma acerca de los actos que formó el Alcalde constitucional doctor Martín Valer al Gobierno por los muertos de la noche del 5 de noviembre de 1813. -- Acta de las corporaciones del Cuzco ya insurreccionadas de 4 de agosto de 1814. -- Fórmula del Juramento dirigido por el Reverendo Obispo a los prelados regulares. -- Borrador del poder encontrado entre los papeles del prebendado don Francisco Carrasco para autorizar con a los plenipotenciarios del Gobierno del Cuzco para hacer tratados con el de Buenos Aires.
650 ## - PUNTO DE ACCESO ADICIONAL DE MATERIA--TÉRMINO DE MATERIA
Descriptor Historia del Cusco
9 (RLIN) 1714
650 ## - PUNTO DE ACCESO ADICIONAL DE MATERIA--TÉRMINO DE MATERIA
Descriptor Revolución del Cusco 1814
9 (RLIN) 45787
650 ## - PUNTO DE ACCESO ADICIONAL DE MATERIA--TÉRMINO DE MATERIA
Descriptor Mateo Pumacahua
9 (RLIN) 45788
650 ## - PUNTO DE ACCESO ADICIONAL DE MATERIA--TÉRMINO DE MATERIA
Descriptor Levantamientos andinos
9 (RLIN) 44095
650 ## - PUNTO DE ACCESO ADICIONAL DE MATERIA--TÉRMINO DE MATERIA
Descriptor Historia Republicana
9 (RLIN) 45789
710 ## - PUNTO DE ACCESO ADICIONAL--NOMBRE DE ENTIDAD CORPORATIVA
Nombre corporativo (En letras Mayúsculas) Universidad Nacional de San Antonio Abad del Cusco
9 (RLIN) 15942
942 ## - ELEMENTOS DE PUNTO DE ACCESO ADICIONAL (KOHA)
Fuente de clasificación
Tipo de item Revistas cusqueñas
945 ## - PROCESAMIENTO DE INFORMACIÓN LOCAL (OCLC)
Catalogador rac
Holdings
Estado de retiro (separado) Fuente de clasificación o esquema de estanterías Estado dañado Ubicación Sala donde se ubica Nombre de la colección Fecha de adquisición o compra Costo, precio normal en soles Signatura topográfica Código de Barras Última vez visto (Koha) Tipo de ítem (Koha)
No     Sala Hemeroteca Sala Hemeroteca Book Cart 2021-04-08 10.00 Rev.Univ/N°10/1914 REVC000009 2021-04-08 Revistas cusqueñas
No     Sala Hemeroteca Sala Hemeroteca Book Cart 2021-04-08 10.00 Rev.Univ/N°10/1914/e.2 REVC000010 2021-04-08 Revistas cusqueñas
No     Sala Hemeroteca Sala Hemeroteca Book Cart 2021-04-08 10.00 Rev.Univ/N°10/1914/e.3 REVC000012 2021-04-08 Revistas cusqueñas
No     Sala Hemeroteca Sala Hemeroteca Book Cart 2021-04-08 10.00 Rev.Univ/N°10/1914/e.4 REVC000014 2021-04-08 Revistas cusqueñas
No     Sala Hemeroteca Sala Hemeroteca Book Cart 2021-04-08 10.00 Rev.Univ/N°10/1914/e.5 REVC000015 2021-04-08 Revistas cusqueñas

Powered by Koha